Medicinal principles : chemistry and methods of their determination - approach to drug discovery (Record no. 32502)

MARC details
000 -LEADER
fixed length control field 00536nam a2200169Ia 4500
020 ## - INTERNATIONAL STANDARD BOOK NUMBER
ISBN 9783330083790
050 ## - CALL MARK
Classification number RS 403 .A36/
100 ## - STATEMENT OF RESPONSIBILITY--MAIN AUTHOR NAME
Personal name Ahmed Ajaz
245 #0 - TITLE STATEMENT
Title Medicinal principles : chemistry and methods of their determination - approach to drug discovery
260 ## - PUBLICATION, DISTRIBUTION, ETC. (IMPRINT)
Name of publisher Lambert Academic Publishing
260 ## - PUBLICATION, DISTRIBUTION, ETC. (IMPRINT)
Year of publication 2017
300 ## - PHYSICAL DESCRIPTION
Number of Pages 67 p
650 ## - SUBJECT ADDED ENTRY--TOPICAL TERM
Topical Term Pharmaceutical chemistry. Drugs--Metabolism. Drug interactions.
942 ## - ADDED ENTRY ELEMENTS (KOHA)
Koha item type Books
Holdings
Withdrawn status Lost status Source of classification or shelving scheme Damaged status Not for loan Permanent Location Current Location Shelving location Date acquired Accession Number Price effective from Koha item type
    Library of Congress Classification     NILE UNIVERSITY OF NIGERIA - MAIN LIBRARY NILE UNIVERSITY OF NIGERIA - MAIN LIBRARY Items on shelf 04/23/2025 0186984 04/23/2025 Books